Movies Quiz

Random Movies or Actor Quiz

4 Movies, 1 Character Actor Quiz Stats

 Plays Quiz not verified by Sporcle

Score 0/15 Timer 05:00
0 Plays Today
% Correct
Steve Buscemi
88.6%
Stanley Tucci
77.9%
Willem Dafoe
77.9%
J.K. Simmons
76.5%
Craig Robinson
71.1%
John Hurt
69.8%
Michael Peña
65.8%
Richard Jenkins
62.4%
% Correct
Nick Offerman
61.7%
David Koechner
61.1%
Ron Perlman
59.7%
Louis C.K.
53%
Peter Serafinowicz
44.3%
Kevin Corrigan
42.3%
Michael Stuhlbarg
38.3%

You're not logged in!

Compare scores with friends on all Sporcle quizzes.
OR
Log In

Show Comments

Extras

Top Quizzes Today


Score Distribution

Your Account Isn't Verified!

In order to create a playlist on Sporcle, you need to verify the email address you used during registration. Go to your Sporcle Settings to finish the process.

Report this User

Report this user for behavior that violates our Community Guidelines.

Details: